Next generation transport networks: data, management, and control planes

Gespeichert in:
Bibliographische Detailangaben
Hauptverfasser: Ellanti, Manohar Naidu (VerfasserIn), Gorshe, Steven Scott (VerfasserIn), Raman, Lakshmi G (VerfasserIn), Grover, Wayne D (VerfasserIn)
Format: Buch
Sprache:Englisch
Veröffentlicht: Nueva York Springer Science Business Media 2005
Schlagworte:
Tags: Tag hinzufügen
Keine Tags, Fügen Sie den ersten Tag hinzu!

MARC

LEADER 00000cam a2200000 a 4500
001 UCG8827
003 CL-VaPUC
008 120106e20050000US |||||||||||||||||eng|d
020 |a 0387240675 
082 0 4 |a 621.382  |b ELL  |2 21 
100 0 |a Ellanti, Manohar Naidu  |e author  |9 560020 
700 0 |a Gorshe, Steven Scott  |e author  |9 560021 
700 0 |a Raman, Lakshmi G  |e author  |9 560022 
700 0 |a Grover, Wayne D  |e author  |9 560023 
245 1 0 |a Next generation transport networks: data, management, and control planes 
300 |a 710 p 
942 |c BK 
945 |d 20120106 00:00:00  |a cmena 
260 |a Nueva York  |b Springer Science Business Media  |c 2005 
650 7 |a REDES DE COMUNICACION  |2 CL-VaPUC  |9 373526 
650 7 |a INNOVACIONES TECNOLOGICAS  |2 CL-VaPUC  |9 560024 
650 7 |a DISEÑO DE REDES  |2 CL-VaPUC  |9 355401 
583 |a last modification  |c 20120106 11:45:00  |k Rodrigo Vera 
999 |c 346415  |d 346413 
952 |0 0  |1 0  |4 0  |6 621_382000000000000_ELL_2005  |7 0  |8 A  |9 447099  |a BIBING  |b BIBING  |d 2019-11-22  |i 4832205  |o 621.382 ELL 2005  |p 4832205  |r 2025-01-20  |w 2019-11-22  |y BK  |k EIE